|
|
|
|
| LEADER |
00000nam0a2200000 4500 |
| 001 |
117160 |
| 005 |
20231101215359.0 |
| 035 |
|
|
|a (RuTPU)RU\TPU\book\126803
|
| 035 |
|
|
|a RU\TPU\book\126786
|
| 090 |
|
|
|a 117160
|
| 100 |
|
|
|a 20070531d1989 k y0rusy50 ca
|
| 101 |
0 |
|
|a rus
|
| 102 |
|
|
|a RU
|
| 105 |
|
|
|a a b 000zy
|
| 200 |
1 |
|
|a Алмазный инструмент
|e отраслевой каталог
|f Министерство станкостроительной и инструментальной промышленности; сост. Н. А. Колчеманов, Ю. И. Андропов, В. Е. Онегин и [др.]
|
| 210 |
|
|
|a Москва
|c ВНИИТЭМР
|d 1989
|
| 215 |
|
|
|a 144 с.
|c ил.
|
| 610 |
1 |
|
|a каталоги
|
| 610 |
1 |
|
|a алмазы
|
| 610 |
1 |
|
|a инструменты
|
| 610 |
1 |
|
|a алмазные инструменты
|
| 610 |
1 |
|
|a алмазные круги
|
| 610 |
1 |
|
|a шлифовальные круги
|
| 610 |
1 |
|
|a пасты
|
| 610 |
1 |
|
|a абразивные инструменты
|
| 610 |
1 |
|
|a контрольно-измерительные приборы
|
| 610 |
1 |
|
|a резцы
|
| 610 |
1 |
|
|a иглы
|
| 610 |
1 |
|
|a компенсаторы
|
| 610 |
1 |
|
|a буровые инструменты
|
| 610 |
1 |
|
|a стоматология
|
| 675 |
|
|
|a 621.9(085)
|v 3
|
| 675 |
|
|
|a 621.921.34(085)
|v 3
|
| 702 |
|
1 |
|a Колчеманов
|b Н. А.
|4 220
|
| 702 |
|
1 |
|a Андропов
|b Ю. И.
|4 220
|
| 702 |
|
1 |
|a Онегин
|b В. Е.
|4 220
|
| 712 |
0 |
2 |
|a Министерство станкостроительной и инструментальной промышленности
|2 stltpush
|3 (RuTPU)RU\TPU\col\10084
|9 24792
|
| 801 |
|
1 |
|a RU
|b 63413507
|c 20070531
|g PSBO
|
| 801 |
|
2 |
|a RU
|b 63413507
|c 20070531
|g PSBO
|
| 942 |
|
|
|c BK
|